Zmena spoločenskej zmluvy a stanov po založení a vzniku obchodnej spoločnosti bakalárska práca

Na minha lista:
Detalhes bibliográficos
Autor principal: Hudecová, Miriama
Autor Corporativo: Obchodná fakulta EU. Katedra obchodného práva
Outros Autores: Holub, Dušan
Formato: Livro
Idioma:eslovaco
Publicado em: Bratislava 2012
Tags: Adicionar Tag
Sem tags, seja o primeiro a adicionar uma tag!

MARC

LEADER 00000nbm a2200000 4500
001 0154633
005 20161109111855.8
041 0 |a slo 
044 |a SK 
245 1 0 |a Zmena spoločenskej zmluvy a stanov po založení a vzniku obchodnej spoločnosti  |b bakalárska práca  |c Miriama Hudecová ; školiteľ: Dušan Holub 
264 1 |a Bratislava  |c 2012 
300 |a 42 s. 
100 1 |a Hudecová, Miriama 
700 1 |a Holub, Dušan 
710 2 |a Obchodná fakulta EU. Katedra obchodného práva